000 00567nam a2200229Ia 4500
003 OSt
005 20220918200251.0
006 a|||||r|||| 00| 0
007 ta
008 220917b |||||||| |||| 00| 0 eng d
024 _a88,066
037 _cTextual
040 _aARTS
_cARTS
_beng
041 _2eng
_aeng
082 _aU:433, K3
100 _aPendleton R L
_993312
245 0 _aThailand
_b Aspects of landscape and life
260 _c1963
650 _aGEOGRAPHY
942 _hU:433, K3
_cTEXL
_2CC
999 _c211756
_d211756